Measurement theory with applications to decisionmaking, utility, and the social sciences

Saved in:
Bibliographic Details
Main Author: Roberts, Fred S (Author)
Format: Book
Language:English
Published: Reading Addison-Wesley 1979
Series:Encyclopedia of Mathematics and its Applications, 7
Subjects:
Tags: Add Tag
No Tags, Be the first to tag this record!

MARC

LEADER 00000nam a2200000 a 4500
001 UCP2242
003 CL-VaPUC
008 990507e19790000US |||||||||||||||||eng|d
082 0 4 |a 515.42  |b ROB  |2 21 
100 0 |a Roberts, Fred S  |e author  |9 428809 
245 1 0 |a Measurement theory with applications to decisionmaking, utility, and the social sciences 
300 |a 420 p 
942 |c BK 
945 |d 19990507 00:00:00  |a crobeson 
260 |a Reading  |b Addison-Wesley  |c 1979 
650 0 |a Teoría de la medición  |9 426884 
650 0 |a Modelos matemáticos   |9 259437 
650 0 |a Sociometría  |9 271452 
650 0 |a Toma de decisiones   |9 257530 
583 |a last modification  |c 19990507 00:00:00  |k Rodrigo Vera 
490 0 |a Encyclopedia of Mathematics and its Applications, 7 
999 |c 280801  |d 280799 
952 |0 0  |1 0  |4 0  |6 515_420000000000000_ROB_1979  |7 0  |8 A  |9 321308  |a BIBMAT  |b BIBMAT  |d 2019-11-20  |i 1344919  |o 515.42 ROB 1979  |p 1344919  |r 2025-01-07  |w 2019-11-20  |y BK  |k MAT